Crucial conversations ; tools for talking when stakes are high, 2/e (Record no. 325706)
[ view plain ]
| 000 -LEADER | |
|---|---|
| fixed length control field | 00643 a2200157 4500 |
| 000 - LEADER | |
| fixed length control field | |
| 001 - CONTROL NUMBER | |
| control field | 90633 |
| 082 ## - DEWEY DECIMAL CLASSIFICATION NUMBER | |
| Classification number | 153.6 PAT |
| 090 ## - LOCALLY ASSIGNED LC-TYPE CALL NUMBER (OCLC); LOCAL CALL NUMBER (RLIN) | |
| -- | 42924 |
| -- | 42924 |
| -- | 42924 |
| -- | 42924 |
| 100 ## - MAIN ENTRY--PERSONAL NAME | |
| Personal name | Kerry Patterson; Joseph Grenny; Ron McMillan; Al Switzler |
| 245 ## - TITLE STATEMENT | |
| Title | Crucial conversations ; tools for talking when stakes are high, 2/e |
| 250 ## - EDITION STATEMENT | |
| Edition statement | 2 |
| -- | 2 |
| 260 ## - PUBLICATION, DISTRIBUTION, ETC. | |
| Place of publication, distribution, etc. | New Delhi |
| -- | New Delhi |
| Name of publisher, distributor, etc. | McGraw Hill |
| -- | McGraw Hill |
| Date of publication, distribution, etc. | 2012 |
| -- | 2012 |
| 300 ## - PHYSICAL DESCRIPTION | |
| Extent | xviii, 244 p. |
| -- | xviii, 244 p. |
| 740 ## - ADDED ENTRY--UNCONTROLLED RELATED/ANALYTICAL TITLE | |
| Uncontrolled related/analytical title | art -speaking- conversations |
| -- | art -speaking- conversations |
| Medium | group discussions; how to convince others |
| -- | group discussions; how to convince others |
| 942 ## - ADDED ENTRY ELEMENTS (KOHA) | |
| Institution code [OBSOLETE] | CAE NUST |
| -- | CAE NUST |
| Call number prefix | 153.6 PAT |
| -- | 153.6 PAT |
| Withdrawn status | Lost status | Damaged status | Not for loan | Collection code | Permanent Location | Current Location | Date acquired | Total Checkouts | Full call number | Barcode | Date last seen | Price effective from | Koha item type |
|---|---|---|---|---|---|---|---|---|---|---|---|---|---|
| College of Aeronautical Engineering (CAE) | College of Aeronautical Engineering (CAE) | 04/03/2017 | 153.6 PAT | 153.6 PAT | CAE87138 | 04/05/2017 | 04/05/2017 | Book |
